| 000 | 01974cad a22002655 4500 | ||
|---|---|---|---|
| 001 | ##L127678 | ||
| 008 | 000000s2006 d s 000 0 eng u | ||
| 020 | _a9781842193112 | ||
| 022 | _a1369-5630 | ||
| 035 | _a(Sirsi) u127678 | ||
| 041 | 0 | _aeng | |
| 050 | 0 | 4 | _a692.8 $2 18 |
| 110 | 2 |
_aRoyal Institution of Chartered Surveyors _bQuantity Surveying and Construction Faculty _94967 |
|
| 245 | 0 | 0 |
_aContracts in use _ba survey of building contracts in use during 2004 |
| 250 | _a10th ed. | ||
| 260 |
_aLondon _bRICS _c2006 |
||
| 490 | 0 |
_aContracts in Use _v2006 |
|
| 505 | 0 | _aExecutive summary -- Introduction -- Response -- Analysis of returns -- Standard forms of contract -- JCT forms -- GC/Works forms -- ICE forms -- NEC Engineering and Construction (EEC) forms -- Association of Consultant Architects -- Additional contract provisions -- Design and build procurement -- Management procurement routes -- Partnering -- Appendix one: survey questionnaire -- Appendix two: the distribution of contracts in use | |
| 520 | _aThe tenth survey in the "Contracts in use" series considering trends in the use of the various standard forms of contract and procurement methods. The results of the survey, which covered both new build and refurbishment projects for which work started on site between 1 January and 31 December 2004, are presented using charts, graphs and tables. Key findings include the continued dominance of JCT, with the growing use of alternative standard forms such as the NEC. Design and build still dominates the middle market, although bills of quantities continue to be used regularly. Non-members can obtain a printed copy by emailing [email protected]. | ||
| 590 | _aIKA311006 NTK | ||
| 651 | 4 |
_aUnited Kingdom _y |
|
| 690 | _aBUILT ENVIRONMENT-BUILDING CONTRACT FORMS | ||
| 856 | 4 | 1 |
_uhttps://www.rics.org/Global/Downloads/ContractsInUse2004.pdf _zMembers can view the survey free of charge at www.rics.org... |
| 942 | _n0 | ||
| 999 |
_c103811 _d103811 |
||